000 002540000a22000970004500
100 1 _aVelásquez, Fernando
245 1 0 _aPanorama de la cristología actual
300 _aVol. 25, Núm 3 (1975), Páginas 7-14
773 0 _tTheologica xaveriana
942 _cANA
999 _c53115
_d53115